#1 Country Hits of the 1990s - Statistics

General Stats
  • This quiz has been taken 30 times
  • The average score is 69 of 261
Answer Stats
Year Song Artist % Correct
1992 Neon Moon Brooks & Dunn
94%
1990 Friends In Low Places Garth Brooks
94%
1993 Chattahoochee Alan Jackson
88%
1992 Achy Breaky Heart Billy Ray Cyrus
82%
1992 Boot Scootin' Boogie Brooks & Dunn
82%
1991 The Thunder Rolls Garth Brooks
82%
1991 Don't Rock the Jukebox Alan Jackson
76%
1990 The Dance Garth Brooks
71%
1994 Don't Take the Girl Tim McGraw
71%
1994 Summertime Blues Alan Jackson
65%
1994 Livin' on Love Alan Jackson
65%
1996 Little Bitty Alan Jackson
65%
1995 Any Man Of Mine Shania Twain
65%
1993 Should've Been A Cowboy Toby Keith
65%
1992 I'm in a Hurry (And Don't Know Why) Alabama
59%
1995 Gone Country Alan Jackson
59%
1991 Brand New Man Brooks & Dunn
59%
1998 Wide Open Spaces Dixie Chicks
59%
1995 Check Yes Or No George Strait
59%
1995 Sold (The Grundy County Auction) John Michael Montgomery
59%
1999 Amazed Lonestar
59%
1991 Meet in the Middle Diamond Rio
53%
1998 This Kiss Faith Hill
53%
1994/95 Pickup Man Joe Diffie
53%
1995 I Like It, I Love It Tim McGraw
53%
1998 Where The Green Grass Grows Tim McGraw
53%
1993 Alibis Tracy Lawrence
53%
1991 She's in Love With The Boy Trisha Yearwood
53%
1995 Summer's Comin' Clint Black
47%
1999 Breathe Faith Hill
47%
1992 I Cross My Heart George Strait
47%
1996 Blue Clear Sky George Strait
47%
1999 Write This Down George Strait
47%
1994 Third Rock From The Sun Joe Diffie
47%
1992 Straight Tequila Night John Anderson
47%
1997 She's Got It All Kenny Chesney
47%
1992/93 Don't Let Our Love Start Slippin' Away Vince Gill
47%
1992 She's Got the Rhythm (And I Got The Blues) Alan Jackson
41%
1995 Tall, Tall Trees Alan Jackson
41%
1996 Strawberry Wine Deana Carter
41%
1994 Wild One Faith Hill
41%
1991 Unanswered Prayers Garth Brooks
41%
1991 Two of a Kind, Workin' on a Full House Garth Brooks
41%
1990 Love Without End, Amen George Strait
41%
1993 Heartland George Strait
41%
1994 I Swear John Michael Montgomery
41%
1995 I Can Love You Like That John Michael Montgomery
41%
1998 Just To See You Smile Tim McGraw
41%
1999 Something Like That Tim McGraw
41%
1993 One More Last Chance Vince Gill
41%
1999 Right On The Money Alan Jackson
35%
1994 That Ain't No Way To Go Brooks & Dunn
35%
1996 My Maria Brooks & Dunn
35%
1995 Dust On The Bottle David Lee Murphy
35%
1998 There's Your Trouble Dixie Chicks
35%
1993 That Summer Garth Brooks
35%
1998 Bye, Bye Jo Dee Messina
35%
1990 Hard Rock Bottom Of Your Heart Randy Travis
35%
1996 (If You're Not In It For Love) I'm Outta Here! Shania Twain
35%
1997 Everywhere Tim McGraw
35%
1996 Time Marches On Tracy Lawrence
35%
1992 There Ain't Nothin' Wrong With The Radio Aaron Tippin
29%
1990 Jukebox In My Mind Alabama
29%
1991 Down Home Alabama
29%
1996 I'll Try Alan Jackson
29%
1997 There Goes Alan Jackson
29%
1999 He Didn't Have To Be Brad Paisley
29%
1993 She Used To Be Mine Brooks & Dunn
29%
1994 She's Not The Cheatin' Kind Brooks & Dunn
29%
1996 Rebecca Lynn Bryan White
29%
1990 Nobody's Home Clint Black
29%
1996 Like The Rain Clint Black
29%
1993 Why Didn't I Think of That Doug Stone
29%
1994 Piece of My Heart Faith Hill
29%
1996 It Matters To Me Faith Hill
29%
1991 Shameless Garth Brooks
29%
1992 The River Garth Brooks
29%
1993 Ain't Goin' Down ('Til the Sun Comes Up) Garth Brooks
29%
1998 Two Pina Coladas Garth Brooks
29%
1991 You Know Me Better Than That George Strait
29%
1996 Carried Away George Strait
29%
1997 Carrying Your Love With Me George Strait
29%
1998 I'm Alright Jo Dee Messina
29%
1999 Stand Beside Me Jo Dee Messina
29%
1991 If The Devil Danced (In Empty Pockets) Joe Diffie
29%
1999 How Forever Feels Kenny Chesney
29%
1996 Wild Angels Martina McBride
29%
1995 Mi Vida Loca (My Crazy Life) Pam Tillis
29%
1990 You Lie Reba McEntire
29%
1991 For My Broken Heart Reba McEntire
29%
1992 Is There Life Out There Reba McEntire
29%
1995 The Heart Is a Lonely Hunter Reba McEntire
29%
1998 If You See Him/If You See Her Reba McEntire/Brooks & Dunn
29%
1993 Does He Love You Reba McEntire/Linda Davis
29%
1993 The Heart Won't Lie Reba McEntire/Vince Gill
29%
1998 You're Still The One Shania Twain
29%
1997 It's Your Love Tim McGraw/Faith Hill
29%
1994 Who's That Man Toby Keith
29%
1994 XXXs and OOOs (An American Girl) Trisha Yearwood
29%
1995 Thinkin' About You Trisha Yearwood
29%
1992 I Still Believe In You Vince Gill
29%
1990 Southern Star Alabama
24%
1991 Someday Alan Jackson
24%
1992 Dallas Alan Jackson
24%
1995 I Don't Even Know Her Name Alan Jackson
24%
1991 My Next Broken Heart Brooks & Dunn
24%
1995 Little Miss Honky Tonk Brooks & Dunn
24%
1995 Someone Else's Star Bryan White
24%
1996 So Much For Pretending Bryan White
24%
1997 Sittin' on Go Bryan White
24%
1999 Single White Female Chely Wright
24%
1994 If I Could Make A Living Clay Walker
24%
1992 Love, Me Collin Raye
24%
1997 We Danced Anyway Deana Carter
24%
1991 Rockin' Years Dolly Parton/Ricky Van Shelton
24%
1998 Let Me Let Go Faith Hill
24%
1992 What She's Doing Now Garth Brooks
24%
1993 American Honky-Tonk Bar Association Garth Brooks
24%
1996 The Beaches of Cheyenne Garth Brooks
24%
1991 If I Know Me George Strait
24%
1993 Easy Come, Easy Go George Strait
24%
1997 One Night At A Time George Strait
24%
1993 Money In The Bank John Anderson
24%
1994 Be My Baby Tonight John Michael Montgomery
24%
1999 You Had Me From Hello Kenny Chesney
24%
1996 No News Lonestar
24%
1999 Wish You Were Here Mark Wills
24%
1998 A Broken Wing Martina McBride
24%
1999 Wrong Again Martina McBride
24%
1999 I Love You Martina McBride
24%
1996 Guys Do It All The Time Mindy McCready
24%
1994 Wink Neal McCoy
24%
1992 If I Didn't Have You Randy Travis
24%
1993 Look Heart, No Hands Randy Travis
24%
1993 She Don't Know She's Beautiful Sammy Kershaw
24%
1999 No Place That Far Sara Evans
24%
1992 Some Girls Do Sawyer Brown
24%
1996 You Win My Love Shania Twain
24%
1996 No One Needs To Know Shania Twain
24%
1997 Love Gets Me Every Time Shania Twain
24%
1998 Honey, I'm Home Shania Twain
24%
1998/99 You're Easy On The Eyes Terri Clark
24%
1996 She Never Lets It Go To Her Heart Tim McGraw
24%
1999 Please Remember Me Tim McGraw
24%
1992 Sticks and Stones Tracy Lawrence
24%
1995 Texas Tornado Tracy Lawrence
24%
1991 I'd Love You All Over Again Alan Jackson
18%
1992 Love's Got A Hold On You Alan Jackson
18%
1995 You're Gonna Miss Me When I'm Gone Brooks & Dunn
18%
1998 Husbands and Wives Brooks & Dunn
18%
1994 Live Until I Die Clay Walker
18%
1994 Dreaming With My Eyes Open Clay Walker
18%
1995 This Woman and This Man Clay Walker
18%
1991 Loving Blind Clint Black
18%
1993 When My Ship Comes In Clint Black
18%
1994 A Good Run of Bad Luck Clint Black
18%
1998 Nothin' But The Taillights Clint Black
18%
1999 When I Said I Do Clint Black/Lisa Hartman
18%
1999 You Were Mine Dixie Chicks
18%
1991 In A Different Light Doug Stone
18%
1992 A Jukebox With A Country Song Doug Stone
18%
1993 I Don't Call Him Daddy Doug Supernaw
18%
1993 Somewhere Other Than The Night Garth Brooks
18%
1997/98 Longneck Bottle Garth Brooks/Steve Wariner
18%
1990/91 I've Come to Expect It From You George Strait
18%
1998 I Just Want To Dance With You George Strait
18%
1996 Bigger Than The Beatles Joe Diffie
18%
1993 I Love the Way You Love Me John Michael Montgomery
18%
1996/97 One Way Ticket (Because I Can) LeAnn Rimes
18%
1993 What Part Of No Lorrie Morgan
18%
1991 Brother Jukebox Mark Chesnutt
18%
1993 It Sure Is Monday Mark Chesnutt
18%
1994 Shut Up and Kiss Me Mary Chapin Carpenter
18%
1990 Chains Patty Loveless
18%
1991 Daddy's Come Around Paul Overstreet
18%
1991 Forever Together Randy Travis
18%
1996 Daddy's Money Ricochet
18%
1990 Next To You, Next To Me Shenandoah
18%
1990 No Matter How High The Oak Ridge Boys
18%
1995 Not A Moment Too Soon Tim McGraw
18%
1997 (This Ain't) No Thinkin' Thing Trace Adkins
18%
1993 Holdin' Heaven Tracy Byrd
18%
1994 If The Good Die Young Tracy Lawrence
18%
1990 Help Me Hold On Travis Tritt
18%
1991 Anymore Travis Tritt
18%
1998 Perfect Love Trisha Yearwood
18%
1995 Old Enough to Know Better Wade Hayes
18%
1995 That's As Close As I'll Get To Loving You Aaron Tippin
12%
1991 Forever's as Far As I'll Go Alabama
12%
1998 How Long Gone Brooks & Dunn
12%
1993 What's it to You Clay Walker
12%
1997 Rumor Has It Clay Walker
12%
1990 Walkin' Away Clint Black
12%
1991 Where Are You Now Clint Black
12%
1992 In This Life Collin Raye
12%
1990 Love on Arrival Dan Seals
12%
1993 Too Busy Being In Love Doug Stone
12%
1990 On Second Thought Eddie Rabbitt
12%
1995 She's Every Woman Garth Brooks
12%
1994 The Big One George Strait
12%
1995 You Can't Make a Heart Love Somebody George Strait
12%
1990 Who's Lonely Now Highway 101
12%
1990 You Really Had Me Going Holly Dunn
12%
1990 Home Joe Diffie
12%
1994 Your Love Amazes Me John Berry
12%
1994 If You've Got Love John Michael Montgomery
12%
1990 It Ain't Nothin' Keith Whitley
12%
1990 Come Next Monday K.T. Oslin
12%
1991 Leap Of Faith Lionel Cartwright
12%
1990 Five Minutes Lorrie Morgan
12%
1995 I Didn't Know My Own Strength Lorrie Morgan
12%
1992 I'll Think of Something Mark Chesnutt
12%
1993 Almost Goodbye Mark Chesnutt
12%
1994 I Just Wanted You to Know Mark Chesnutt
12%
1995 Gonna Get a Life Mark Chesnutt
12%
1997 It's A Little Too Late Mark Chesnutt
12%
1991 Walk on Faith Mike Reid
12%
1994 No Doubt About It Neal McCoy
12%
1993 Blame It On Your Heart Patty Loveless
12%
1996 You Can Feel Bad Patty Loveless
12%
1994 Whisper My Name Randy Travis
12%
1997 Running Out of Reasons To Run Rick Trevino
12%
1990 I've Cried My Last Tear For You Ricky Van Shelton
12%
1991 I Am A Simple Man Ricky Van Shelton
12%
1991 Keep It Between The Lines Ricky Van Shelton
12%
1993 Thank God For You Sawyer Brown
12%
1994 If Bubba Can Dance (I Can Too) Shenandoah
12%
1993 Can't Break It To My Heart Tracy Lawrence
12%
1993 My Second Home Tracy Lawrence
12%
1993 Can I Trust You With My Heart Travis Tritt
12%
1994 Foolish Pride Travis Tritt
12%
1995 What Mattered Most Ty Herndon
12%
1994 Tryin' to Get Over You Vince Gill
12%
1992 She Is His Only Need Wynonna
12%
1992 I Saw The Light Wynonna
12%
1992 No One Else On Earth Wynonna
12%
1996 To Be Loved By You Wynonna
12%
1993 Reckless Alabama
6%
1998 What If I Said Anita Cochran/Steve Wariner
6%
1997 A Man This Lonely Brooks & Dunn
6%
1998 The Shoes You're Weaing Clint Black
6%
1995 My Kind of Girl Collin Raye
6%
1990 Good Times Dan Seals
6%
1997 How Do I Get There Deana Carter
6%
1997 How Your Love Makes Me Feel Diamond Rio
6%
1998 To Make You Feel My Love Garth Brooks
6%
1998 Round About Way George Strait
6%
1995 Not On Your Love Jeff Carson
6%
1997 Nobody Knows Kevin Sharp
6%
1994 My Love Little Texas
6%
1997 Come Cryin' To Me Lonestar
6%
1999 I Don't Want To Miss A Thing Mark Chesnutt
6%
1996 Lonely Too Long Patty Loveless
6%
1997 How Was I To Know Reba McEntire
6%
1997 Me Too Toby Keith
6%
1996 Believe Me Baby (I Lied) Trisha Yearwood
6%
1996 Living In A Moment Ty Herndon
6%
1998 I Can Still Feel You Collin Raye
0%
1997 From Here To Eternity Michael Peterson
0%
1996 Don't Get Me Started Rhett Akins
0%
1998 It Must Be Love Ty Herndon
0%
No matching quizzes found
Score Distribution
Percent of People with Each Score
Percentile by Number Answered
Your Score History
You have not taken this quiz